Quizzes
Events
Quiz Creation
Community
Videos
Private Events
Remove Ads
Sign In
Join for FREE
Feedback
Dark Mode
Quiz Categories
Sports
Geography
Music
Movies
Television
Just For Fun
Miscellaneous
History
Literature
Language
Science
Gaming
Entertainment
Religion
Holiday
For Kids
Quiz Lab
Recent
Popular Today
Quiz Kudos Today
Editor Picks
Curator Picks
Quizzes by...
Day
Popularity
Type
Ratings
Length
Year
Community
Subscriptions
Recent Discussions
Orange Saloon
Badges
Playlists
Quests
Create
Leaderboards
Showdown
Live 5
Trivia Bingo
Activity
Puzzle Library
Sporcle Events
Private Events
Virtual Trivia
Globe League
Become a Host
Pub Owners
SporcleCon
Opinionation
Our Games
Videos
Blog
Mobile Apps
Partnerships
Remove Ads and Go Orange
Feedback
Geography
Country
Landmarks
City
State
Population
World
Capital
Continent
Flags
Europe
Africa
Asia
South America
North America
Oceania
Border
Canada
United Kingdom
Topography
United States
Geography
Country
Landmarks
City
State
Population
World
Capital
Continent
Flags
Europe
Africa
Asia
South America
North America
Oceania
Border
Canada
United Kingdom
Topography
United States
Random Quiz
Search Sporcle
×
Quiz Lab
Quiz Lab
Geography
World
Type in answers that appear in a list
Type in answers that appear in a list
Classic
Best Score? Go Orange.
Facts about the World(Its not EASY) Stats
Can you name the different answers?
By
Fati16
10m
20 Questions
186 Plays
186 Plays
186 Plays
Comments
Comments
Give Quiz Kudos
Give Quiz Kudos
-
- Ratings
hide this ad
Replay
Link that replays current quiz
Next Quiz
Link to next quiz in quiz playlist
You Got
0%
They Got
Avg Score
41%
Avg Friend Score
Upgrade to see
Score Distribution
Jump to the score distribution portion of the page
Score
0/20
Timer
10:00
0
Plays Today
Hint
Answer
% Correct
How many wonders are there of the ancient world?
7
97.3%
Most Populous City
Shanghai
79.6%
Number of Countries in the world
196
72.6%
New name of Tanganyika and islands of Zanzibar
Tanzania
66.7%
Most vulnerable country
Somalia
60.8%
Most Corrupt country
Somalia
60.8%
Only Muslim nuclear power
Pakistan
50.5%
How many countries are members of UN
193
47.3%
Country with Lowest Life Expentancy
Chad
41.9%
Least Corrupt country
Denmark
41.4%
Hint
Answer
% Correct
Best country in the World
Finland
36.6%
What does Japan call itself?
Nippon
33.3%
Country with Highest Life Expentancy
Monaco
31.7%
Current Communist Countries(in alphabetical order)
China,Cuba,Laos,North Korea and Vietnam
26.9%
Where in the world is a whole country a Desert?
Djibouti
22%
Most Poorest Country
DRC
20.4%
First industrialized nation after the industrial revolution
England
17.7%
King of Saudi Arabia
King Abdullah
16.7%
Population of the World
6823957581
8.6%
Territories under Jurisdiction of New Zealand(in alphabetical order)
Cook Islands, Niue and Tokelau
4.8%
Quiz Playlist
Details
Report
Send in Message
Add To Playlist
Classic:
Type in answers that appear in a list
Last Updated: Feb 16, 2017
Quiz Scoreboard
CHALLENGE
Sign Up to Join the Scoreboard
Show All
Scores
Hide
Comments
May contain spoilers
Recently Published
Movies - When Are They Set?
by FPL_Elf
Movies
5m
Popular People in 1961
by mucciniale
History
6m
1-10 Letter E Words III
by El_Dandy
Language
2m
More to Explore
Quiz From the Vault
Featured Blog Post
Where Did the Easter Bunny Come From?
hide this ad
You Might Also Like...
Tags
World Quiz
Different
Extra
Today's Top Quizzes in Geography
Browse Geography
hide this ad
Today's Top Quizzes in World
Browse World
Top Contributed Quizzes in Geography
1
Countries of the World - No Outlines Minefield
2
Top 25 Cities of France on a map
3
Closest Countries to UK A-Z
4
One Thing in Common: United Kingdom
5
Blind Secret Country CLXXXVIII
6
Blind Ultimate Minefield: USA
7
African Flag Reveal XLV
8
Find the US States - No Outlines
9
One Thing in Common: Asia
10
Find the Provinces of Canada - No Outlines Minefield
Explore More
Trending Topics
Crossword
NBA
Harry Potter
Marvel
Disney
Anime
Kpop
Pokémon
Soccer
WWE
NFL
Country
Puzzle
The Office
Song
hide this ad
More By:
Fati16
Quiz
Plays
Rating
Category
Featured
Created
Songs by one direction
216
2.33
Music
Aug 20, 2013
Facts about the World(Its not EASY)
186
1.77
Geography
Aug 22, 2013
Capitals of Asia( TRY IT)
135
2.30
Geography
Aug 23, 2013
Test your knowledge about Novelists
118
3.38
Literature
Aug 22, 2013
Famous Pakistani cities
84
2.86
Geography
Aug 20, 2013
Go to Creator's Profile
Score Distribution
Quiz Creator Spotlight
Fati16
Follow
Send a Message
Quizzes Created
-
Created Quiz Play Count
-
More By This Creator
Popular Quizzes Today
1
Find the Countries of Europe - No Outlines Minefield
2
Find the US States - No Outlines Minefield
3
The Countries of the World
4
Popular People in 1961
5
1-10 Letter E Words III
6
US States
7
Find the US States
8
One Thing in Common: World Cities II
More Geography Quizzes
Pixel Art - NA, SA, or Oc. Flag #35
Quiz Lab
Trending Quizzes
Risky Map Clicking: Least Populous States A-Z
Humor Books: The Subtitles
1-10 Letter F Words
1-10 Letter G Words
One Thing in Common: United Kingdom
Recently Updated
Leaping Animals
pecheneg
Reality TV Shows (A-Z)
bhenderson79
Rickey Henderson's Hall of Fame Teammates
pecheneg
Champions League XIs: Arsenal
pecheneg
Quick Pick: Celebrities in WWE's Hall of Fame
aduchscher
A-Z Keypad Blitz II
pecheneg
Multiple Oscar Actors
pecheneg
Mystery Phrase Blitz: Oscar 'Best Actors'
pecheneg
F. Scott Fitzgerald Novels
LTH
Pick 3 Villains
ddd62291
Trending Topics
Marvel
Crossword
Disney
Harry Potter
Anime
Kpop
NBA
Country
Puzzle
Pokémon
WWE
The Office
Soccer
NFL
Song
Your Account Isn't Verified!
In order to create a playlist on Sporcle, you need to verify the email address you used during registration. Go to your
Sporcle Settings
to finish the process.
Report this User
Report this user for behavior that violates our
Community Guidelines
.
Details:
Send Report
Go to the Sporcle.com Mobile Site →
Comments